|
|
|
|
| LEADER |
00000nam a2200000 a 4500 |
| 001 |
vtls001221860 |
| 003 |
SK-MaSNL |
| 005 |
20260301112609.0 |
| 008 |
180815s1985 xo 0 slo |
| 035 |
|
|
|a SNK000167166
|
| 040 |
|
|
|a SNK
|b slo
|c SNK
|e AACR2
|
| 044 |
|
|
|a xo
|c SK
|
| 080 |
|
|
|a 621.941.24
|2 1981
|
| 110 |
0 |
|
|a TOS Trenčín k.p. Trenčín, Slovensko
|4 aut
|9 453553
|
| 245 |
1 |
|
|a SN 63 C-71 C
|
| 260 |
|
|
|a Trenčín
|b TOS
|c [1985?]
|
| 300 |
|
|
|a [35] listov
|c 31 cm
|
| 650 |
0 |
7 |
|a sústruhy hrotové univerzálne
|x dokumentácia technická
|2 SNK
|9 380868
|
| 650 |
0 |
7 |
|a SN 63 C -71 C (sústruh hrotový univerzálny)
|x dokumentácia technická
|2 SNK
|9 453554
|
| 958 |
|
|
|a OND
|
| 999 |
|
|
|c 710993
|d 712923
|
| 952 |
|
|
|t P60, <03>, [BOOK], {603}
|a SNK
|b SNK
|y PREZ
|7 0
|p 17A0011628
|o snkOSB 8544
|i snkD 949/96
|0 0
|1 0
|4 0
|d 1996-09-25
|l 0
|r 2005-01-01 00:00:00
|w 2026-02-23
|
| 952 |
|
|
|t P60, <04>, [BOOK], {604}
|a SNK
|b SNK
|y VYP
|7 0
|p 17A0116985
|o snkOSB 8544 D1
|i snkD 366/98
|0 0
|1 0
|4 0
|d 1998-02-11
|l 0
|r 2005-01-01 00:00:00
|w 2026-02-23
|